| 000 | 02008cam a2200433 a 4500 | ||
|---|---|---|---|
| 999 |
_c232626 _d232626 |
||
| 001 | 17223804 | ||
| 003 | Nust | ||
| 005 | 20180117090023.0 | ||
| 008 | 120323s2007 cc a f001 0 chi | ||
| 010 | _a 2011510884 | ||
| 020 | _a9787508510682 | ||
| 020 | _a7508510682 | ||
| 040 |
_aDLC _cDLC _dDLC |
||
| 041 | 0 |
_achi _aeng |
|
| 042 | _apcc | ||
| 043 | _aa-cc-su | ||
| 050 | 0 | 0 |
_aDS793.S62 _bB335 2007 |
| 066 | _c$1 | ||
| 082 | _a745 | ||
| 245 | 0 | 0 |
_6880-01 _aBai ming Zhong wai she ying jia jing tou zhong de si ji Xinjiang = _bThe four seasons in Xinjiang photo collection : Xinjiang through the lens of 100 Chinese and foreign photographers / _c[Guo wu yuan xin wen ban gong shi bian]. |
| 246 | 3 | 1 | _aFour seasons in Xinjiang photo collection : Xinjiang through the lens of 100 Chinese and foreign photographers |
| 246 | 3 | 0 | _aXinjiang through the lens of 100 Chinese and foreign photographers |
| 250 |
_6880-02 _aDi 1 ban. |
||
| 260 |
_6880-03 _aBeijing : _bWu zhou chuan bo chu ban she, _c2007. |
||
| 300 |
_a295 p. : _bill., col. ; _c27x27 cm. |
||
| 500 | _aIncludes indexes. | ||
| 546 | _aChinese and English. | ||
| 651 | 0 |
_aXinjiang Uygur Zizhiqu (China) _vPictorial works. |
|
| 651 | 0 |
_aXinjiang Uygur Zizhiqu (China) _xDescription and travel. |
|
| 710 | 1 |
_6880-04 _aChina. _bGuo wu yuan. _bXin wen ban gong shi. |
|
| 880 | 0 | 0 |
_6245-01 _a百名中外摄影家镜头中的四季新疆 = _bThe four seasons in Xinjiang photo collection : Xinjiang through the lens of 100 Chinese and foreign photographers / _c[国务院新闻办公室编]. |
| 880 |
_6250-02 _a第1版. |
||
| 880 |
_6260-03 _a北京 : _b五洲传播出版社, _c2007. |
||
| 880 | 1 |
_6710-04 _a中国国务院新闻办公室. |
|
| 906 |
_a7 _bcbc _corignew _d3 _encip _f20 _gy-nonroman |
||
| 942 |
_2ddc _cBK |
||